Yüklüyor......

Equitable education /

Detaylı Bibliyografya
Diğer Yazarlar: SFI
Materyal Türü: Printed Book
Dil:English
Baskı/Yayın Bilgisi: New Delhi: SFI, 2008.
Konular:
LEADER 00500cam a2200181ua 4500
008 090615t2008||||||||||| 00 ||eng c
041 0 |a eng 
082 |a 370  |b EQU 
245 0 0 |a Equitable education /  
260 |a New Delhi:  |b SFI,  |c 2008. 
300 |a 151p.. 
362 1 |a 2008. 
365 |a Rs.120/-  |e pb 
650 0 |a Education 
700 0 2 |a SFI,  
942 |c BK 
999 |c 21178  |d 21178 
952 |0 0  |1 0  |4 0  |6 370_000000000000000_EQ  |7 0  |9 22364  |a KUCL  |b KUCL  |d 2014-05-23  |l 0  |o 370 EQ  |p G1006  |r 2014-05-23  |w 2014-05-23  |y BK